Pokémon Trivia - Dragon Type - Statistics

General Stats
  • This quiz has been taken 28 times
  • The average score is 7 of 10
Answer Stats
Question Answer % Correct
What is the Dragon type weak to? Dragon, Ice, Fairy
100%
Which Generation introduced the least amount of Dragon type Pokémon? Generation 2
100%
How does a Sliggoo evolve into a Goodra? It evolves after leveling up at Level 50 during the Rain or Fog in the overworld
100%
Dragons have a lot of Mega Evolutions. Which of these do NOT have a Mega-Evolved form? Dragonite
83%
Which of the following about the Dragon type are true? It has the most Pseudo-Legendary Pokemon
83%
How many types resist Dragon? 1
67%
Dragon type moves are the 3rd rarest type of move in the entire game. How many of these moves were available in the first generation, Red and Blue? 1
67%
Which of these items powers up Dragon type moves? Dragon Fang
50%
What is the strongest Dragon type move with a set base power level? (Non Z-Move) Eternabeam
50%
Which type is most commonly paired with the Dragon type? Both of these
17%
No matching quizzes found
Score Distribution
Percent of People with Each Score
Percentile by Number Answered
Your Score History
You have not taken this quiz